[Event "44th Chess Olympiad Women 2022"]
[Site "Chennai"]
[Date "2022.07.30"]
[Round "2.15"]
[White "Antova, Gabriela"]
[Black "Guillen Cristobal, Sandra N"]
[Result "1-0"]
[WhiteElo "2275"]
[BlackElo "1962"]
[Annotator "RC"]
[PlyCount "99"]
[EventDate "2022.07.29"]
[EventType "team-tourn"]
[EventCountry "IND"]
[SourceTitle "playchess.com"]
[Source "ChessBase"]
[SourceQuality "1"]
[WhiteTeam "Bulgaria"]
[BlackTeam "Mexico"]
[WhiteTeamCountry "BUL"]
[BlackTeamCountry "MEX"]

1. d4 f5 2. c4 Nf6 3. g3 g6 4. Bg2 Bg7 5. Nh3 O-O 6. O-O d6 7. d5 c6 8. Nc3 e5
9. dxe6 Bxe6 10. Qb3 Qe7 11. Ng5 Bf7 12. Rd1 Na6 13. Nxf7 Rxf7 14. Qc2 Qe6 15.
Bf4 Qxc4 16. Bxd6 Re8 17. e3 Nc7 18. Bf1 Qe6 19. Bxc7 Rxc7 20. Nb5 Rd7 21. Nc7
Qe7 22. Rxd7 Qxd7 23. Nxe8 Nxe8 24. Rd1 Qe7 25. Bc4+ Kf8 26. Qd2 Nf6 27. Qd8+
Qxd8 28. Rxd8+ Ke7 29. Rb8 b5 30. Rb7+ Nd7 31. Bg8 Bxb2 32. Bxh7 a5 33. Bxg6
Kd6 34. Bxf5 Nc5 35. Ra7 a4 36. h4 b4 37. h5 b3 38. axb3 axb3 39. h6 Bc3 40. h7
Ne6 41. Ra8 Ng5 42. h8=Q Bxh8 43. Rxh8 c5 44. Rb8 c4 45. Kf1 Nf3 46. Ke2 Ne5
47. Kd2 Kc5 48. Kc3 Kd5 49. Rb5+ Kd6 50. f4 1-0

[Event "44th Chess Olympiad Women 2022"]
[Site "Chennai"]
[Date "2022.07.30"]
[Round "2.15"]
[White "Guerrero Rodriguez, Alejandra"]
[Black "Peycheva, Gergana"]
[Result "0-1"]
[WhiteElo "2006"]
[BlackElo "2295"]
[Annotator "TA"]
[PlyCount "52"]
[EventDate "2022.07.29"]
[EventType "team-tourn"]
[EventCountry "IND"]
[SourceTitle "playchess.com"]
[Source "ChessBase"]
[SourceQuality "1"]
[WhiteTeam "Mexico"]
[BlackTeam "Bulgaria"]
[WhiteTeamCountry "MEX"]
[BlackTeamCountry "BUL"]

1. e4 c6 2. d4 d5 3. Nd2 dxe4 4. Nxe4 Nf6 5. Nxf6+ exf6 6. Nf3 Bd6 7. Bd3 O-O
8. Be3 Re8 9. Qd2 Nd7 10. O-O-O Nf8 11. Bf4 Be6 12. a3 b5 13. Be4 Bxf4 14. Qxf4
Qb6 15. Qd6 Rac8 16. Rhe1 a5 17. Qc5 Qa6 18. Re3 Red8 19. Rc3 Nd7 20. Qe7 Nb8
21. Nh4 Rd7 22. Qc5 b4 23. Rg3 bxa3 24. Qxa3 Qb5 25. Qd3 Qxd3 26. Rdxd3 g6 0-1

[Event "44th Chess Olympiad Women 2022"]
[Site "Chennai"]
[Date "2022.07.30"]
[Round "2.15"]
[White "Avila Fraire, Ameyalli"]
[Black "Radeva, Viktoria"]
[Result "1/2-1/2"]
[WhiteElo "1907"]
[BlackElo "2289"]
[Annotator "TA"]
[PlyCount "115"]
[EventDate "2022.07.29"]
[EventType "team-tourn"]
[EventCountry "IND"]
[SourceTitle "playchess.com"]
[Source "ChessBase"]
[SourceQuality "1"]
[WhiteTeam "Mexico"]
[BlackTeam "Bulgaria"]
[WhiteTeamCountry "MEX"]
[BlackTeamCountry "BUL"]

1. e4 c5 2. Nf3 e6 3. c3 d5 4. e5 Nc6 5. d4 Bd7 6. Bd3 cxd4 7. cxd4 Qb6 8. Bc2
Nb4 9. Ba4 Qa6 10. Bc2 Rc8 11. Nc3 Bb5 12. a3 Nxc2+ 13. Qxc2 Bd3 14. Qa4+ Qxa4
15. Nxa4 Rc2 16. Be3 Bb5 17. b3 Nh6 18. Kd1 Rc6 19. Nc5 Ng4 20. a4 Ba6 21. b4
Bc4 22. Nd2 b6 23. b5 Rc8 24. Nxc4 dxc4 25. Ne4 f5 26. exf6 gxf6 27. Kc2 f5 28.
Nc3 Bb4 29. Rab1 Bxc3 30. Kxc3 Nf6 31. Rhe1 f4 32. Bc1 Kd7 33. g3 Nd5+ 34. Kc2
fxg3 35. fxg3 Rhf8 36. Re2 Rf3 37. Bd2 c3 38. Bh6 Rc4 39. Rbe1 Rxd4 40. Rxe6
Nb4+ 41. Kb3 Nd5 42. R6e4 Rd2 43. Kc4 Rdd3 44. Rd4 Rxd4+ 45. Kxd4 Kd6 46. Re5
Nb4 47. Re2 Nd5 48. Re5 Nc7 49. Re3 Rf2 50. Bf4+ Kd7 51. Bxc7 Kxc7 52. Rxc3+
Kd7 53. h4 Ra2 54. Rc4 Rg2 55. Rc3 Ra2 56. Rc4 Rg2 57. Rc3 Ra2 58. Rc4 1/2-1/2

[Event "44th Chess Olympiad Women 2022"]
[Site "Chennai"]
[Date "2022.07.30"]
[Round "2.16"]
[White "Nandhidhaa, P V."]
[Black "Hng, Mei-En Emmanuelle"]
[Result "1-0"]
[WhiteElo "2312"]
[BlackElo "1997"]
[Annotator "ChessBase"]
[PlyCount "67"]
[EventDate "2022.07.29"]
[EventType "team-tourn"]
[EventCountry "IND"]
[SourceTitle "playchess.com"]
[Source "ChessBase"]
[SourceQuality "1"]
[WhiteTeam "India"]
[BlackTeam "SGP"]
[WhiteTeamCountry "IND"]

1. e4 d6 2. d4 Nf6 3. Nc3 g6 4. Be3 Bg7 5. Qd2 a6 6. Bh6 Bxh6 7. Qxh6 Nc6 8.
O-O-O e5 9. dxe5 Nxe5 10. h3 Be6 11. f4 Nc6 12. e5 Nh5 13. Nge2 Ne7 14. g4 Ng8
15. Qg5 Ng7 16. exd6 cxd6 17. Qxd8+ Rxd8 18. Bg2 b5 19. Rhe1 Ne7 20. Ne4 Nc8
21. Nd4 Na7 22. f5 gxf5 23. gxf5 Bc8 24. Nxd6+ Kf8 25. Nxc8 Nxc8 26. f6 Ne8 27.
Ne6+ fxe6 28. Rxd8 Ncd6 29. Rxe6 Rg8 30. Rexd6 Rxg2 31. Re6 Rg1+ 32. Kd2 Rg2+
33. Kd3 Rg3+ 34. Kd4 1-0

[Event "44th Chess Olympiad Women 2022"]
[Site "Chennai"]
[Date "2022.07.30"]
[Round "2.16"]
[White "Vishwa Vasnawala"]
[Black "Fang, Kun"]
[Result "1/2-1/2"]
[WhiteElo "2305"]
[BlackElo "1766"]
[Annotator "TA"]
[PlyCount "64"]
[EventDate "2022.07.29"]
[EventType "team-tourn"]
[EventCountry "IND"]
[SourceTitle "playchess.com"]
[Source "ChessBase"]
[SourceQuality "1"]
[WhiteTeam "India"]
[BlackTeam "SGP"]
[WhiteTeamCountry "IND"]

1. d4 d5 2. c4 c6 3. Nf3 Nf6 4. e3 e6 5. b3 b6 6. Bb2 Bb7 7. Bd3 Bd6 8. Nc3
Nbd7 9. O-O O-O 10. Qc2 Rc8 11. e4 dxe4 12. Nxe4 Nxe4 13. Bxe4 Nf6 14. Bd3 Bb8
15. c5 h6 16. Rfe1 Qe7 17. a3 Rcd8 18. b4 Nd5 19. Rad1 Qc7 20. g3 Qc8 21. Qe2
Rde8 22. Ne5 f5 23. Rc1 Bxe5 24. dxe5 b5 25. Bc3 Qc7 26. Bd2 Rd8 27. Bb1 Qe7
28. Rcd1 Rd7 29. Qf3 Bc8 30. Ba2 Rdd8 31. Bc1 a5 32. Rd4 Kh8 1/2-1/2

[Event "44th Chess Olympiad Women 2022"]
[Site "Chennai"]
[Date "2022.07.30"]
[Round "2.16"]
[White "Khegay, Anjela"]
[Black "Karavade, Eesha"]
[Result "0-1"]
[WhiteElo "2131"]
[BlackElo "2339"]
[Annotator "TA"]
[PlyCount "68"]
[EventDate "2022.07.29"]
[EventType "team-tourn"]
[EventCountry "IND"]
[SourceTitle "playchess.com"]
[Source "ChessBase"]
[SourceQuality "1"]
[WhiteTeam "SGP"]
[BlackTeam "India"]
[BlackTeamCountry "IND"]

1. d4 Nf6 2. c4 e6 3. g3 d5 4. Bg2 dxc4 5. Nf3 Nc6 6. O-O Rb8 7. b3 cxb3 8.
axb3 a6 9. Bb2 Be7 10. Nc3 O-O 11. e4 b6 12. Qe2 Bb7 13. Rfd1 Re8 14. e5 Nd5
15. Ne4 Na5 16. Nfd2 Bb4 17. f4 h6 18. Rf1 Ne7 19. g4 Bxd2 20. Nxd2 Bxg2 21.
Qxg2 Qd5 22. f5 Qxg2+ 23. Kxg2 Nd5 24. Rf3 Rbc8 25. Ne4 Nc6 26. fxe6 fxe6 27.
Rc1 Nce7 28. Ba3 Ng6 29. Kg3 Ra8 30. Rc6 a5 31. h4 a4 32. bxa4 Rxa4 33. Nd6
cxd6 34. exd6 Nf8 0-1

[Event "44th Chess Olympiad Women 2022"]
[Site "Chennai"]
[Date "2022.07.30"]
[Round "2.16"]
[White "Liu, Yang Hazel"]
[Black "Pratyusha, Bodda"]
[Result "1/2-1/2"]
[WhiteElo "2046"]
[BlackElo "2310"]
[Annotator "ChessBase"]
[PlyCount "84"]
[EventDate "2022.07.29"]
[EventType "team-tourn"]
[EventCountry "IND"]
[SourceTitle "playchess.com"]
[Source "ChessBase"]
[SourceQuality "1"]
[WhiteTeam "SGP"]
[BlackTeam "India"]
[BlackTeamCountry "IND"]

1. d4 d5 2. Nf3 Nf6 3. Bf4 c5 4. e3 Nc6 5. Nbd2 cxd4 6. exd4 Qb6 7. Nb3 Bg4 8.
Be2 e6 9. h3 Bh5 10. O-O Be7 11. c3 O-O 12. Ne5 Bxe2 13. Qxe2 Nxe5 14. Bxe5 Nd7
15. Bg3 a5 16. Nc1 a4 17. Nd3 a3 18. b3 Rfc8 19. Rac1 Rc6 20. Rc2 Rac8 21. Rfc1
Qa6 22. Nf4 Qxe2 23. Nxe2 b5 24. Kf1 b4 25. c4 dxc4 26. bxc4 Nb6 27. c5 Nd5 28.
Nf4 Bf6 29. Nxd5 exd5 30. Rd2 Bg5 31. f4 Bd8 32. Rb1 Ba5 33. Re2 Kf8 34. Be1
Rb8 35. Re3 Re6 36. Rxe6 fxe6 37. Rb3 Ke7 38. Bd2 Kd7 39. Bc1 Rf8 40. Bd2 Rb8
41. Bc1 Rf8 42. Bd2 Rb8 1/2-1/2

[Event "44th Chess Olympiad Women 2022"]
[Site "Chennai"]
[Date "2022.07.30"]
[Round "2.17"]
[White "Roebers, Eline"]
[Black "Ouellet, Maili-Jade"]
[Result "1-0"]
[WhiteElo "2344"]
[BlackElo "2239"]
[Annotator "TA"]
[PlyCount "167"]
[EventDate "2022.07.29"]
[EventType "team-tourn"]
[EventCountry "IND"]
[SourceTitle "playchess.com"]
[Source "ChessBase"]
[SourceQuality "1"]
[WhiteTeam "Netherlands"]
[BlackTeam "Canada"]
[WhiteTeamCountry "NED"]
[BlackTeamCountry "CAN"]

1. e4 c5 2. Nf3 d6 3. d4 cxd4 4. Nxd4 Nf6 5. Nc3 a6 6. Bg5 Nbd7 7. Bc4 Qb6 8.
Bb3 e6 9. Bxf6 Nxf6 10. Qd2 Nd7 11. O-O-O Nc5 12. f4 Bd7 13. Kb1 Be7 14. Rhf1
O-O-O 15. Nf5 Bf8 16. Ne3 Bc6 17. f5 Qc7 18. Qe2 Kb8 19. Qg4 h5 20. Qh3 Rh6 21.
Rd4 g5 22. e5 d5 23. Qg3 Nxb3 24. axb3 Bc5 25. Qxg5 Rhh8 26. Qf4 Qb6 27. Rfd1
Bxd4 28. Rxd4 Rhg8 29. g3 Ka8 30. f6 Rg6 31. Ne2 Bb5 32. Ng1 Rdg8 33. c3 Bc6
34. Kc2 Rc8 35. Qh4 Bb5 36. Kd2 Rh6 37. Nf3 Qa5 38. Qf4 Rhh8 39. Rb4 Qa1 40.
Nd1 Qb1 41. Ne1 Rhg8 42. Qe3 Rg4 43. Rf4 Rxf4 44. Qxf4 Qg6 45. Ne3 Rg8 46. N3c2
a5 47. Na3 Ba6 48. Nac2 Qg4 49. Nd4 Qg6 50. Ndc2 Kb8 51. b4 axb4 52. Nxb4 Bc4
53. Nbc2 Rc8 54. Qd4 Qh6+ 55. Qe3 Qh7 56. Nf3 Qf5 57. Na3 Ba6 58. Nc2 Ka8 59.
Na3 Qg4 60. Nd4 b6 61. Nac2 Kb7 62. Nb4 Bc4 63. b3 Bf1 64. Qf2 Qh3 65. Nd3 Bxd3
66. Kxd3 Qg4 67. Qe2 Qg6+ 68. Kd2 Qb1 69. Qd3 Qa2+ 70. Qc2 Qa5 71. Qd3 Qc5 72.
Nb5 Ra8 73. Nd6+ Kc6 74. Qd4 Ra2+ 75. Kd3 Qa5 76. Ke3 Qa6 77. c4 Qa5 78. cxd5+
exd5 79. Kf4 Qe1 80. Kg5 Qc1+ 81. Kxh5 Rxh2+ 82. Kg4 Qb1 83. Qa4+ Kc5 84. Nb7#
1-0

[Event "44th Chess Olympiad Women 2022"]
[Site "Chennai"]
[Date "2022.07.30"]
[Round "2.17"]
[White "Van Foreest, Machteld"]
[Black "Mills, Morgen"]
[Result "1-0"]
[WhiteElo "2299"]
[BlackElo "1993"]
[Annotator "TA"]
[PlyCount "51"]
[EventDate "2022.07.29"]
[EventType "team-tourn"]
[EventCountry "IND"]
[SourceTitle "playchess.com"]
[Source "ChessBase"]
[SourceQuality "1"]
[WhiteTeam "Netherlands"]
[BlackTeam "Canada"]
[WhiteTeamCountry "NED"]
[BlackTeamCountry "CAN"]

1. e4 c6 2. Nf3 d5 3. Nc3 Nf6 4. e5 Ne4 5. Ne2 Qb6 6. d4 e6 7. Ng3 c5 8. Bd3
Nxg3 9. fxg3 Nc6 10. O-O cxd4 11. Qe2 h6 12. Nh4 Qc7 13. Qh5 g6 14. Bxg6 Qxe5
15. Bxf7+ Kd8 16. Qf3 Qg7 17. Ng6 Rh7 18. Bxe6 Qxg6 19. Qxf8+ Kc7 20. Bf4+ Kb6
21. Bxc8 Ne7 22. Qd8+ Ka6 23. Bd2 Qb6 24. Rf6 Nc6 25. Rxc6 Qxc6 26. Qa5# 1-0

[Event "44th Chess Olympiad Women 2022"]
[Site "Chennai"]
[Date "2022.07.30"]
[Round "2.17"]
[White "Demchenko, Svitlana"]
[Black "Peng, Zhaoqin"]
[Result "1-0"]
[WhiteElo "2122"]
[BlackElo "2349"]
[Annotator "TA"]
[PlyCount "87"]
[EventDate "2022.07.29"]
[EventType "team-tourn"]
[EventCountry "IND"]
[SourceTitle "playchess.com"]
[Source "ChessBase"]
[SourceQuality "1"]
[WhiteTeam "Canada"]
[BlackTeam "Netherlands"]
[WhiteTeamCountry "CAN"]
[BlackTeamCountry "NED"]

1. d4 d5 2. Nf3 Nf6 3. Bf4 e6 4. e3 Bd6 5. Bg3 O-O 6. Nbd2 c5 7. c3 Qc7 8. dxc5
Bxg3 9. hxg3 Qxc5 10. Bd3 h6 11. Qa4 Nc6 12. g4 e5 13. g5 Ng4 14. gxh6 g6 15.
Be2 a6 16. Ng5 b5 17. Qd1 Nf6 18. e4 Qe7 19. a4 b4 20. exd5 bxc3 21. dxc6 cxd2+
22. Qxd2 Bf5 23. Bc4 Ne4 24. Nxe4 Bxe4 25. Rc1 Bxg2 26. Rg1 Be4 27. b4 Kh7 28.
b5 axb5 29. axb5 Rfd8 30. Qb2 Rd4 31. Be2 Bd5 32. b6 Rb4 33. Qd2 Bxc6 34. Rxc6
Rb1+ 35. Rc1 Rxb6 36. Kf1 Rab8 37. Rg3 Rb2 38. Qe3 R2b4 39. Rc5 f6 40. Qc3 R8b7
41. Bh5 g5 42. Qd3+ e4 43. Qd5 Kxh6 44. Qf5 1-0

[Event "44th Chess Olympiad Women 2022"]
[Site "Chennai"]
[Date "2022.07.30"]
[Round "2.17"]
[White "Guo, Yu Han"]
[Black "Ratsma, Rosa"]
[Result "0-1"]
[WhiteElo "1630"]
[BlackElo "2226"]
[Annotator "ChessBase"]
[PlyCount "84"]
[EventDate "2022.07.29"]
[EventType "team-tourn"]
[EventCountry "IND"]
[SourceTitle "playchess.com"]
[Source "ChessBase"]
[SourceQuality "1"]
[WhiteTeam "Canada"]
[BlackTeam "Netherlands"]
[WhiteTeamCountry "CAN"]
[BlackTeamCountry "NED"]

1. d4 Nf6 2. c4 g6 3. Nc3 Bg7 4. e4 d6 5. Nge2 O-O 6. Ng3 h5 7. h4 a6 8. Be2 b5
9. cxb5 axb5 10. Bxb5 c6 11. Be2 Qb6 12. O-O Ng4 13. Bxg4 Bxg4 14. Nce2 c5 15.
Qd3 cxd4 16. Nf4 Nc6 17. Nd5 Qa7 18. Bg5 Ne5 19. Qd2 f6 20. Bh6 Nc4 21. Qc1
Rfc8 22. Bxg7 Kxg7 23. Qe1 d3 24. b3 d2 25. Qb1 d1=Q 26. Rxd1 Bxd1 27. Qxd1 Ne5
28. Ne2 Ng4 29. Qd4 Qxd4 30. Nxd4 Rxa2 31. Rb1 Rb2 32. Ra1 Ra8 33. Rc1 Rxf2 34.
Nc3 Rd2 35. Ne6+ Kf7 36. Nc7 Rc2 37. Rb1 Ra3 38. N7d5 Rxb3 39. Ra1 Rbxc3 40.
Nxc3 Rxc3 41. Kf1 Rc4 42. Re1 Ke6 0-1

[Event "44th Chess Olympiad Women 2022"]
[Site "Chennai"]
[Date "2022.07.30"]
[Round "2.18"]
[White "Eric, Jovana"]
[Black "Morales Flores, Monserrat"]
[Result "1-0"]
[WhiteElo "2271"]
[BlackElo "1946"]
[Annotator "ChessBase"]
[PlyCount "55"]
[EventDate "2022.07.29"]
[EventType "team-tourn"]
[EventCountry "IND"]
[SourceTitle "playchess.com"]
[Source "ChessBase"]
[SourceQuality "1"]
[WhiteTeam "Serbia"]
[BlackTeam "Chile"]
[WhiteTeamCountry "SRB"]
[BlackTeamCountry "CHI"]

1. e4 c5 2. Nf3 e6 3. d4 cxd4 4. Nxd4 a6 5. Nc3 b5 6. Bd3 Qc7 7. O-O Bb7 8. Qe2
Nf6 9. Bd2 Nc6 10. Nxc6 Bxc6 11. Bg5 Qe5 12. f4 Qc5+ 13. Kh1 Be7 14. e5 Nd5 15.
Ne4 Qe3 16. Qh5 g6 17. Qh4 Bxg5 18. Nd6+ Kd8 19. fxg5 Kc7 20. Rae1 Qc5 21. Qg3
Raf8 22. Nxf7 Rhg8 23. Be4 Rg7 24. Nd6 Rxf1+ 25. Rxf1 Ne3 26. Re1 Nf5 27. Bxf5
gxf5 28. Ne8+ 1-0

[Event "44th Chess Olympiad Women 2022"]
[Site "Chennai"]
[Date "2022.07.30"]
[Round "2.18"]
[White "Gajcin, Marina"]
[Black "Sanchez Tobar, Francisca Valenti"]
[Result "1-0"]
[WhiteElo "2271"]
[BlackElo "1839"]
[Annotator "ChessBase"]
[PlyCount "67"]
[EventDate "2022.07.29"]
[EventType "team-tourn"]
[EventCountry "IND"]
[SourceTitle "playchess.com"]
[Source "ChessBase"]
[SourceQuality "1"]
[WhiteTeam "Serbia"]
[BlackTeam "Chile"]
[WhiteTeamCountry "SRB"]
[BlackTeamCountry "CHI"]

1. e4 e5 2. Nf3 Nc6 3. Bc4 Bc5 4. c3 Nf6 5. d3 d6 6. Nbd2 a6 7. Bb3 h6 8. h3
Ba7 9. Nf1 O-O 10. Ng3 Be6 11. O-O Re8 12. Nh2 Qd7 13. Qf3 Nh7 14. Ng4 Rad8 15.
Nh5 Bxb3 16. Qg3 Kf8 17. axb3 Qe6 18. Kh1 Qg6 19. Qh4 Ng5 20. f4 exf4 21. Nxf4
Qh7 22. Nd5 Qg6 23. Nxc7 Re7 24. Nd5 Red7 25. Nf4 Qh7 26. Nd5 Qg6 27. Rf5 Ne6
28. Bd2 Ne7 29. Nxe7 Rxe7 30. Raf1 Rde8 31. R1f3 Bb6 32. Nxh6 gxh6 33. Bxh6+
Ng7 34. Rg5 1-0

[Event "44th Chess Olympiad Women 2022"]
[Site "Chennai"]
[Date "2022.07.30"]
[Round "2.18"]
[White "Gomez Barrera, Javiera Belen"]
[Black "Blagojevic, Tijana"]
[Result "1/2-1/2"]
[WhiteElo "2210"]
[BlackElo "2330"]
[Annotator "ChessBase"]
[PlyCount "60"]
[EventDate "2022.07.29"]
[EventType "team-tourn"]
[EventCountry "IND"]
[SourceTitle "playchess.com"]
[Source "ChessBase"]
[SourceQuality "1"]
[WhiteTeam "Chile"]
[BlackTeam "Serbia"]
[WhiteTeamCountry "CHI"]
[BlackTeamCountry "SRB"]

1. e4 e5 2. Nf3 Nc6 3. Bc4 d6 4. a4 Be7 5. Nc3 Nf6 6. d3 O-O 7. O-O h6 8. a5 a6
9. Re1 Re8 10. h3 Bf8 11. Be3 Be6 12. Bxe6 Rxe6 13. Nd5 Nb8 14. c4 Nbd7 15. b4
c6 16. Bb6 Nxb6 17. Nxb6 Rb8 18. Qb3 Qe8 19. Rab1 Be7 20. b5 Bd8 21. bxa6 bxa6
22. Qa4 Re7 23. c5 dxc5 24. Qc4 Reb7 25. Qxc5 Bxb6 26. axb6 Nd7 27. Qxc6 Rxb6
28. Rxb6 Rxb6 29. Qc7 Qe6 30. Ra1 Kh7 1/2-1/2

[Event "44th Chess Olympiad Women 2022"]
[Site "Chennai"]
[Date "2022.07.30"]
[Round "2.18"]
[White "Reyes Jara, Paula"]
[Black "Velikic, Adela"]
[Result "0-1"]
[WhiteElo "1858"]
[BlackElo "2273"]
[Annotator "RC"]
[PlyCount "90"]
[EventDate "2022.07.29"]
[EventType "team-tourn"]
[EventCountry "IND"]
[SourceTitle "playchess.com"]
[Source "ChessBase"]
[SourceQuality "1"]
[WhiteTeam "Chile"]
[BlackTeam "Serbia"]
[WhiteTeamCountry "CHI"]
[BlackTeamCountry "SRB"]

1. e4 c6 2. d4 d5 3. exd5 cxd5 4. Bd3 Nc6 5. c3 Nf6 6. Bf4 Bg4 7. f3 Bh5 8. Ne2
e6 9. O-O Bg6 10. Ng3 Be7 11. Re1 O-O 12. Bxg6 hxg6 13. Nd2 b5 14. Bg5 b4 15.
f4 Rc8 16. Nf3 bxc3 17. bxc3 Na5 18. Rc1 Nc4 19. Ne5 Re8 20. Qd3 Ba3 21. Rc2
Qc7 22. Bxf6 gxf6 23. Ng4 Kg7 24. Ne2 Bd6 25. Rf1 Na3 26. Rcc1 Rh8 27. g3 Qc4
28. Qd2 Qa4 29. Qd3 Qc4 30. Qd2 Qa6 31. Rf3 Nc4 32. Qc2 Rb8 33. a4 Rb2 34. Qd1
Rd2 35. Qe1 Qxa4 36. Rf2 Rb8 37. Qf1 f5 38. Ra1 Ra2 39. Rxa2 Qxa2 40. Nc1 Qa1
41. Ne5 Bxe5 42. fxe5 Rb1 43. Rc2 Ne3 44. Qf4 Rxc1+ 45. Rxc1 Qxc1+ 0-1

[Event "44th Chess Olympiad Women 2022"]
[Site "Chennai"]
[Date "2022.07.30"]
[Round "2.19"]
[White "Efroimski, Marsel"]
[Black "Varela La Madrid, Tilsia Carolina"]
[Result "1-0"]
[WhiteElo "2456"]
[BlackElo "2079"]
[Annotator "TA"]
[PlyCount "69"]
[EventDate "2022.07.29"]
[EventType "team-tourn"]
[EventCountry "IND"]
[SourceTitle "playchess.com"]
[Source "ChessBase"]
[SourceQuality "1"]
[WhiteTeam "Israel"]
[BlackTeam "Venezuela"]
[WhiteTeamCountry "ISR"]
[BlackTeamCountry "VEN"]

1. e4 e5 2. Nf3 Nc6 3. Nc3 Nf6 4. Bb5 Bb4 5. O-O O-O 6. d3 d6 7. Bg5 Bxc3 8.
bxc3 h6 9. Bh4 a6 10. Ba4 Qe7 11. Re1 Nd8 12. d4 Ne6 13. Bg3 Ng5 14. Nd2 c5 15.
Bb3 b5 16. Bd5 Nxd5 17. exd5 f6 18. f4 Nf7 19. dxc5 dxc5 20. Ne4 Bf5 21. d6 Qa7
22. fxe5 fxe5 23. Qd5 Bxe4 24. Rxe4 c4+ 25. Kh1 Kh8 26. Bxe5 Nxe5 27. Qxe5 Qf2
28. Ree1 Rf5 29. Qe4 Raf8 30. h3 Qa7 31. Rad1 Qd7 32. Qd4 Rf3 33. Re7 Rxh3+ 34.
Kg1 Qg4 35. Qxg4 1-0

[Event "44th Chess Olympiad Women 2022"]
[Site "Chennai"]
[Date "2022.07.30"]
[Round "2.19"]
[White "Lahav, Michal"]
[Black "Rovira Contreras, Tairu Manuela"]
[Result "1-0"]
[WhiteElo "2191"]
[BlackElo "2036"]
[Annotator "ChessBase"]
[PlyCount "77"]
[EventDate "2022.07.29"]
[EventType "team-tourn"]
[EventCountry "IND"]
[SourceTitle "playchess.com"]
[Source "ChessBase"]
[SourceQuality "1"]
[WhiteTeam "Israel"]
[BlackTeam "Venezuela"]
[WhiteTeamCountry "ISR"]
[BlackTeamCountry "VEN"]

1. e4 e5 2. Nf3 Nc6 3. Bb5 a6 4. Bxc6 dxc6 5. O-O f6 6. d4 exd4 7. Qxd4 Qxd4 8.
Nxd4 c5 9. Nb3 Be6 10. Rd1 Bd6 11. Nc3 O-O-O 12. Be3 b6 13. Rd2 f5 14. f4 Nh6
15. e5 Be7 16. h3 Nf7 17. Nc1 Rhg8 18. N1e2 h6 19. Kh2 g5 20. Rxd8+ Rxd8 21. g3
Rd7 22. Ng1 b5 23. a3 Rd8 24. Nf3 Rg8 25. Rd1 Rd8 26. Ra1 Rg8 27. Rb1 gxf4 28.
gxf4 b4 29. axb4 cxb4 30. Nd4 Bc5 31. Nxe6 Bxe3 32. Nd5 Kd7 33. Nxe3 Kxe6 34.
Ra1 Ra8 35. Rg1 Nh8 36. Rg7 c6 37. Rc7 Ng6 38. Rxc6+ Kf7 39. Nxf5 1-0

[Event "44th Chess Olympiad Women 2022"]
[Site "Chennai"]
[Date "2022.07.30"]
[Round "2.19"]
[White "Otazo Sanchez, Annyd Gabriela"]
[Black "Klinova, Masha"]
[Result "1-0"]
[WhiteElo "1932"]
[BlackElo "2251"]
[Annotator "ChessBase"]
[PlyCount "95"]
[EventDate "2022.07.29"]
[EventType "team-tourn"]
[EventCountry "IND"]
[SourceTitle "playchess.com"]
[Source "ChessBase"]
[SourceQuality "1"]
[WhiteTeam "Venezuela"]
[BlackTeam "Israel"]
[WhiteTeamCountry "VEN"]
[BlackTeamCountry "ISR"]

1. e4 d6 2. d4 Nf6 3. Nc3 e5 4. dxe5 dxe5 5. Qxd8+ Kxd8 6. Bc4 Ke8 7. Nf3 Bd6
8. Bg5 Nbd7 9. O-O-O a6 10. a4 h6 11. Bh4 Nb6 12. Bxf6 gxf6 13. Bb3 Be6 14. Nh4
Bb4 15. Nf5 Bxf5 16. exf5 Bxc3 17. bxc3 Ke7 18. f4 Rad8 19. fxe5 fxe5 20. f6+
Ke8 21. Rxd8+ Kxd8 22. Bxf7 Nc8 23. Rd1+ Nd6 24. Bd5 Rf8 25. Bxb7 Rxf6 26. Bxa6
Ke7 27. a5 Ne4 28. Bd3 Nxc3 29. Re1 Kd6 30. a6 Rf8 31. Rf1 Rxf1+ 32. Bxf1 Kc6
33. Kd2 Nd5 34. Kd3 Nb4+ 35. Kc3 Nd5+ 36. Kd3 Nb4+ 37. Ke4 Nxc2 38. Kxe5 Ne3
39. Be2 Kb6 40. g4 c5 41. h4 c4 42. Kd4 Ng2 43. h5 Kxa6 44. Bxc4+ Kb6 45. Ke4
Kc5 46. Bf1 Nh4 47. Kf4 Kd6 48. Kg3 1-0

[Event "44th Chess Olympiad Women 2022"]
[Site "Chennai"]
[Date "2022.07.30"]
[Round "2.19"]
[White "Perez Hernandez, Vicmary C."]
[Black "Levitan, Ronit"]
[Result "1/2-1/2"]
[WhiteElo "1862"]
[BlackElo "2084"]
[Annotator "NA RC"]
[PlyCount "89"]
[EventDate "2022.07.29"]
[EventType "team-tourn"]
[EventCountry "IND"]
[SourceTitle "playchess.com"]
[Source "ChessBase"]
[SourceQuality "1"]
[WhiteTeam "Venezuela"]
[BlackTeam "Israel"]
[WhiteTeamCountry "VEN"]
[BlackTeamCountry "ISR"]

1. e4 e5 2. d4 exd4 3. Nf3 Nc6 4. Bc4 Bc5 5. O-O d6 6. c3 Bg4 7. Qb3 Bxf3 8.
Bxf7+ Kf8 9. gxf3 Nf6 10. Bd5 Nxd5 11. Qxd5 Qf6 12. f4 Bb6 13. cxd4 Nxd4 14.
Nc3 c6 15. Qh5 Qg6+ 16. Qxg6 hxg6 17. Kg2 Ke7 18. Bd2 Rh5 19. Rad1 Rah8 20. Rh1
Ne6 21. h3 Ba5 22. Ne2 Bxd2 23. Rxd2 g5 24. f5 Nc7 25. Ng3 R5h6 26. Rd3 d5 27.
e5 Kf7 28. Rd4 Rh4 29. Rg4 Rxg4 30. hxg4 Rxh1 31. Nxh1 Na6 32. Ng3 Nb4 33. a3
Nd3 34. e6+ Ke7 35. b3 c5 36. f3 b5 37. Ne2 d4 38. b4 cxb4 39. axb4 Nxb4 40.
Nxd4 a6 41. Kf2 Nd5 42. Ke2 Kd6 43. Kd3 Ke5 44. Nc6+ Kd6 45. Nd4 1/2-1/2

[Event "44th Chess Olympiad Women 2022"]
[Site "Chennai"]
[Date "2022.07.30"]
[Round "2.20"]
[White "Lehaci, Miruna-Daria"]
[Black "Avelino, Camila Biscaya"]
[Result "1-0"]
[WhiteElo "2193"]
[BlackElo "1863"]
[Annotator "ChessBase"]
[PlyCount "67"]
[EventDate "2022.07.29"]
[EventType "team-tourn"]
[EventCountry "IND"]
[SourceTitle "playchess.com"]
[Source "ChessBase"]
[SourceQuality "1"]
[WhiteTeam "Romania"]
[BlackTeam "Portugal"]
[WhiteTeamCountry "ROU"]
[BlackTeamCountry "POR"]

1. d4 Nf6 2. Nf3 g6 3. c4 Bg7 4. Nc3 O-O 5. e4 d6 6. h3 Nbd7 7. Bd3 e5 8. d5 a5
9. O-O Nc5 10. Bc2 Ne8 11. a3 f5 12. Rb1 Nf6 13. exf5 Bxf5 14. b4 axb4 15. axb4
Nce4 16. Nxe4 Nxe4 17. Rb3 Ra1 18. Qe2 Ra2 19. Bb2 Nc3 20. Bxc3 Rxc2 21. Qd1
Qa8 22. Ba1 Qa2 23. Re3 Bh6 24. Rc3 Rxc3 25. Bxc3 Qxc4 26. Bd2 Bxd2 27. Qxd2
Bxh3 28. Rc1 Qg4 29. Ne1 Rf5 30. Rc3 Qxb4 31. gxh3 Rf4 32. Nd3 Qd4 33. Rxc7 Rf8
34. Qh6 1-0